| 000 | 00910nam a2200205 a 4500 | ||
|---|---|---|---|
| 008 | 161215e2013 ag |||g |||| 001 e spa d | ||
| 020 | _a9789871941032 | ||
| 041 | _aspa | ||
| 092 |
_c808 _l34 _sHIL |
||
| 100 | 1 |
_aHilaire, Chris St. _94336 |
|
| 245 | 3 |
_a27 técnicas de persuación. _bEstrategias para convencer y ganar aliados / _cChris St. Hilaire |
|
| 250 |
_a1a ed. _bTraducción Alfonso Barguño Viana |
||
| 260 |
_aBuenos Aires: _bConecta; _c2013. |
||
| 300 |
_a208 p. _c23x15 cm. |
||
| 500 | _aHilaire, C. S. (2018). 27 técnicas de persuasión. (1a ed.). Buenos Aires : Conecta. | ||
| 505 | _aEs posible que los demás olviden lo que usted les ha ste libro contiene las mejores herramientas que le permitirán comunicarse de forma mucho más eficaz. Aplíquelas y ganará inmediatamente influencia sobre los demás. | ||
| 655 |
_aEnsayo _93096 |
||
| 700 | 1 |
_aPadwa, Lynette. _94337 |
|
| 942 |
_2ddc _cLIT |
||
| 999 |
_c3289 _d3289 |
||